Welcome to the Holygrace Academy Library

Please use search bar below to get started

A WALK TO REMEMBER (Record no. 3284)

MARC details
000 -LEADER
fixed length control field 00295nam a22001337a 4500
020 ## - INTERNATIONAL STANDARD BOOK NUMBER
ISBN 978-0-7515-3894-6
082 ## - DEWEY DECIMAL CLASSIFICATION NUMBER
Classification number 823
Item number SPA/W
100 ## - MAIN ENTRY--AUTHOR NAME
Personal name SPARKS NICHOLAS
245 ## - TITLE STATEMENT
Title A WALK TO REMEMBER
260 ## - PUBLICATION, DISTRIBUTION, ETC. (IMPRINT)
Place of publication LONDON
Name of publisher BANTAM BOOKS
300 ## - PHYSICAL DESCRIPTION
Number of Pages 215
650 ## - SUBJECT ADDED ENTRY--TOPICAL TERM
Topical Term ENGLISH NOVEL
Geographic subdivision LONDON
942 ## - ADDED ENTRY ELEMENTS (KOHA)
Koha item type Books
Holdings
Withdrawn status Lost status Collection code Home library Current library Shelving location Date acquired Source of acquisition Full call number Accession Number Koha item type
    Fiction Main Library Main Library SHELF 2-J-ENGLISH NOVELS FOR TEACHERS 06/08/2011 PURCHASE 823 SPA/W 05560 Books